Statistics for NFL What I Know

Click here to take the quiz!

General Stats

  • This quiz has been taken 16 times
    (10 since last reset)
  • The average score is 11 of 21

Answer Stats

QuestionAnswer% Correct
Which Team has won the first Super BowlGreen Bay Packers
90%
NFL stands for:National Football League
90%
Which Quarterback won the most Super BowlsTom Brady
90%
The Team with most appearancesNew England Patriots
80%
When Did the Super Bowl start1967
70%
Oldest team in HistoryArizona Cardinals
70%
Year of Super Bowl 502016
60%
When Did NFL start1920
50%
How many teams lost 2 times in a row3
50%
How many teams won 2 times in a row6
50%
Which Quarterback has won the First Super BowlBart Starr
50%
Youngest TeamHouston Texans
50%
A Super Bowl logo hasRoman Numerals
50%
When did Pro Bowl Start1951
40%
Pro Bowl 50 Anniversary2001
40%
Names Of The ConferencesAFC NFC
30%
The two Leagues Before 1970AFL NFL
30%
AFC-NFC stands for:American Football Conference-National Football Conference
30%
AFL NFL stands for:American Football League-National Football League
20%
Teams that never lost a Super BowlBaltimore Ravens, Tampa Bay Buccaneers, New York Jets, New Orleans Saint's
10%
Teams that never won a Super BowlMinnesota Vikings, Buffalo Bills, Cincinnati Bengals, Carolina Panthers, Atlanta Falcons, Los Angeles Chargers, Tennessee Titans, Arizona Cardinals, Cleveland Browns, Detroit Lions, Houston Texans, Jacksonville Jaguars
10%

Score Distribution

Percentile by Number Answered

Percent of People with Each Score

Your Score History

You have not taken this quiz since the last reset